|
|
|
|
| LEADER |
00000cam a2200000 i 4500 |
| 001 |
1/92391 |
| 008 |
080826m19489999 gre d |
| 035 |
|
|
|l 10099612
|
| 040 |
|
|
|a GR-MY-UA
|b gre
|e aacr
|
| 041 |
0 |
|
|a gre
|
| 082 |
0 |
|
|a 889.1
|2 (22)
|
| 245 |
1 |
0 |
|a Διονυσίου Σολωμού άπαντα /
|c επιμέλεια - σημειώσεις Λίνου Πολίτη
|
| 260 |
|
|
|a [Αθήνα] :
|b Ίκαρος,
|c 1948-
|
| 300 |
|
|
|a 3 τ.;
|c 22 εκ.
|
| 505 |
0 |
|
|a Τ.1. Ποιήματα
|
| 600 |
1 |
0 |
|a Σολωμός, Διονύσιος,
|d 1798-1857.
|
| 650 |
0 |
0 |
|a Greek poetry, Modern.
|
| 650 |
0 |
0 |
|a Poets, Greek (Modern)
|
| 700 |
1 |
|
|a Πολίτης, Λίνος,
|d 1906-1982.
|4 edt
|
| 740 |
0 |
2 |
|a Ποιήματα
|
| 852 |
|
|
|a INST
|b RHODES
|c AKA
|e 20080826
|h 889.1 ΔΙΟ
|p 005400027609
|q 005400027609
|t BK
|y 0
|
| 901 |
|
|
|a BIBL4-2008-2
|
| 909 |
|
|
|a Ρ
|b 150932
|
| 970 |
|
|
|a ΧΑΡΙΟΠΟΛΙΤΟΥ
|b ΚΩΝΣΤΑΝΤΙΝΑ
|z 2008/08/26
|